Pearson Foundation Biology 2020: (Record no. 175599)

MARC details
000 -LEADER
fixed length control field 00809nam a22002177a 4500
005 - DATE AND TIME OF LATEST TRANSACTION
control field 20200910143221.0
010 ## - LCCN (DPL NO)
LC control number ENG-128403
020 ## - INTERNATIONAL STANDARD BOOK NUMBER
Terms of availability 470.00
International Standard Book Number 9789353944612
035 ## - SYSTEM CONTROL NUMBER
System control number EN-111935
037 ## - SOURCE OF ACQUISITION
Source of stock number/acquisition DBAD/PUB
082 ## - DEWEY DECIMAL CLASSIFICATION NUMBER
Classification number 570
245 ## - TITLE STATEMENT
Title Pearson Foundation Biology 2020:
Remainder of title Class 9/
Statement of responsibility, etc Edited by Sonal Jain and Ashi Jain
250 ## - EDITION STATEMENT
Edition statement 3rd edition
260 ## - PUBLICATION, DISTRIBUTION, ETC. (IMPRINT)
Place of publication, distribution, etc Noida
Name of publisher, distributor, etc Pearson
Date of publication, distribution, etc 2020
270 ## - ADDRESS
Address 15th floor,Tower-B,Word Trade Tower,Plot no.1,Block-C sec 16,
City Noida
Postal code 201301
Telephone number 04466540100
Electronic mail address companysecretary.india@pearson.com
300 ## - PHYSICAL DESCRIPTION
Extent xiii;Various pages.
Dimensions 25cm(pbk)
Other physical details Illustrations and Diagrams
500 ## - GENERAL NOTE
General note Includes Glossary and Photo Credits
700 ## - ADDED ENTRY--PERSONAL NAME
Personal name Editor-Development- Sonal Jain
700 ## - ADDED ENTRY--PERSONAL NAME
Personal name Assistant Editor- Production- Ashi Jain
942 ## - ADDED ENTRY ELEMENTS (KOHA)
Source of classification or shelving scheme Dewey Decimal Classification
Item type English Books
Classification part 570
Call number suffix PEA
Holdings
Withdrawn status Lost status Not for loan Collection code Home library Current library Date acquired Source of acquisition Cost, normal purchase price Full call number Barcode Cost, replacement price Koha item type
      Non-fiction Bawana Bawana 10/09/2020 DBAD/PUB 470.00 570 PEA EN-111935 470.00 English Books

© Delhi Public Library
Hit Counter
free hit counter